Statistiques concernant Citations politiques

Cliquez ici pour prendre le quiz!

Statistiques générales

  • Ce quiz a été pris 111 fois
    (98 depuis la dernière actualisation)
  • Le résultat moyen est 5 sur 11

Statistiques - réponses

QuestionRéponse% Correct
"Il n'y a pas un endroit où je vais où ils ne me disent pas qu'ils cherchent des gens. Pas un ! Hôtels, cafés, restaurants, je traverse la rue, je vous en trouve !" (du travail).Emmanuel Macron
89%
"Nous allons le faire sans brutalité, avec calme, avec explication, avec sens. Je serai d’une détermination absolue et je ne céderai rien, ni aux fainéants, ni aux cyniques, ni aux extrêmes."Emmanuel Macron
71%
"Une gare, c’est un lieu où on croise les gens qui réussissent et les gens qui ne sont rien."Emmanuel Macron
66%
"Vous n'allez pas me faire peur avec votre tee-shirt. La meilleure façon de se payer un costard, c'est de travailler."Emmanuel Macron
63%
"Bien souvent, la vie d'un entrepreneur est bien plus dure que celle d'un salarié, il ne faut pas l'oublier."Emmanuel Macron
58%
"Le kwassa-kwassa pêche peu il amène du Comorien".Emmanuel Macron
29%
"Il faut des jeunes Français qui aient envie de devenir milliardaires."Emmanuel Macron
29%
"Le défi de l'Afrique est civilisationnel... Quand des pays ont encore 7 à 8 enfant par femmes, vous pouvez décider d'y dépenser des milliards d'euros, vous ne stabiliserez rien" ?Emmanuel Macron
23%
"Il y a dans le processus démocratique et dans son fonctionnement un absent. Dans la politique française, cet absent est la figure du roi".Emmanuel Macron
20%
"La moitié des faits de délinquance viennent des étrangers à Paris"Emmanuel Macron
19%
"Montrez-moi une femme parfaitement éduquée, qui décide d'avoir 7, 8, 9 enfants."Emmanuel Macron
18%

Distribution des résultats

Percentile par nombre de réponses

% des personnes avec chaque résultat

Votre développement - résultats

Vous n’avez pas pris ce quiz depuis la dernière actualisation